[Event "Continental-ch Women America 2017"]
[Site "Villa Martelli"]
[Date "2017.09.13"]
[Round "8"]
[White "Alboredo, Julia"]
[Black "Abarca Gonzalez, Damaris"]
[Result "1-0"]
[WhiteElo "2120"]
[BlackElo "2019"]
[Annotator "TA"]
[PlyCount "99"]
[EventDate "2017.??.??"]
[EventType "swiss"]
[EventCountry "ARG"]
[SourceTitle "playchess.com"]
[Source "ChessBase"]
[SourceQuality "1"]

{[%evp 15,99,0,9,-8,0,-34,-33,-39,-14,-12,0,-5,18,4,23,0,30,30,32,30,31,45,36,22,45,29,33,12,10,8,0,8,15,0,0,0,-4,-10,0,-24,-2,-101,-95,-143,-27,-16,-16,-115,0,0,12,0,0,-44,-44,-44,-44,-47,-31,-77,0,-11,-11,-10,-11,-12,-8,-30,0,0,0,0,1106,1094,29959,29964,6414,6390,29978,29979,29979,29980,29980,29975,29974,29975]} 1. e4 e5 2. Nf3 Nc6 3. Bb5 Nf6 4. O-O Bc5 5. d3 Nd4 6. Nxd4 Bxd4 7. c3 {C65: Ruy Lopez: Berlin Defence (3...Nf6), unusual lines and 4 0-0 Bc5} Bb6 8. Ba4 (8. Na3 O-O 9. Bg5 c6 10. Ba4 h6 11. Bh4 d6 12. Nc4 Bc7 13. Ne3 Bb6 14. Qf3 Kh7 {½-½ (70) Anand,V (2786)-Karjakin,S (2781) Stavanger 2017}) 8... O-O {LiveBook: 5 Games} 9. h3 {The position is equal.} d5 10. Qf3 c6 $146 ({Find the theoretical novelty and annotate with similar games:} 10... Be6 11. Bg5 h6 12. Bh4 dxe4 13. dxe4 {0-1 (25) Kazakov,K (2307)-Shyam,S (2505) Pardubice 2013}) 11. Re1 dxe4 12. dxe4 Bc5 13. Bg5 Be7 14. Rd1 Qc7 15. Nd2 Be6 16. Bb3 Bxb3 17. axb3 Rfd8 18. Nc4 Rxd1+ 19. Rxd1 Rd8 20. Rxd8+ Bxd8 21. Qf5 h6 22. Bh4 g6 $1 $36 {[%cal Rg6f5][%mdl 2048] Black has some pressure.} 23. Qf3 Kg7 $1 24. Bg3 Nd7 25. h4 b5 26. Ne3 Nf6 27. Nc2 Nh5 28. Bh2 (28. Ne1 $11) 28... Bxh4 $17 29. c4 Bg5 ({Black should try} 29... Bf6 $17 {...Qd6 is the strong threat.} 30. Ne3 Nf4) 30. Qc3 $11 f6 {White must now prevent ...Qd6.} 31. cxb5 (31. g4 $1 $11 {remains equal.}) 31... c5 (31... Qd6 $17 32. g3 (32. bxc6 $2 Qd1+ 33. Ne1 Bd2 $19) 32... cxb5) 32. Ne1 Qd7 {aiming for ...Qd1.} 33. Qd3 Qd4 34. Qxd4 (34. Qc2 {keeps more tension.} Qb4 35. Nd3 Qxe4 36. Qc4 Qd4 37. g3) 34... cxd4 {[%mdl 4096] Endgame KBN-KBN} 35. Nd3 Kf7 36. Kf1 Ke7 37. Ke2 Ng7 (37... Kd6 $17) 38. g3 h5 39. f4 exf4 40. gxf4 Bh6 41. Nb4 Ne6 42. f5 gxf5 $1 43. exf5 Nf4+ $2 {[%mdl 8192] [#]} (43... Ng7 $11) 44. Bxf4 $1 $18 Bxf4 {KB-KN} 45. Nd5+ Kd6 46. Nxf4 Ke5 47. Nxh5 {White mates.} Kxf5 48. Kd3 Ke5 49. Ng3 Kd5 50. b4 {Precision: White = 34%, Black = 41%.} 1-0

[Event "Continental-ch Women America 2017"]
[Site "Villa Martelli"]
[Date "2017.09.13"]
[Round "8"]
[White "Nejanky, Maisa"]
[Black "Cordero, Daniela"]
[Result "0-1"]
[WhiteElo "2018"]
[BlackElo "2005"]
[Annotator "NA RC"]
[PlyCount "78"]
[EventDate "2017.??.??"]
[EventType "swiss"]
[EventCountry "ARG"]
[SourceTitle "playchess.com"]
[Source "ChessBase"]
[SourceQuality "1"]
[TimeControl "40/5400+30:1800+30"]

{[%evp 8,77,4,-4,9,-4,8,-22,0,-25,2,-18,17,11,31,39,41,-69,-12,32767,-65,-47,-43,-147,-122,-163,-116,-118,-111,-125,-133,-164,-144,-144,-140,-142,-137,-146,-120,-116,0,-139,-112,-112,-140,-182,-179,-224,-211,-231,32767,32767,-197,-211,-167,-306,32767,32767,-348,-474,-489,-518,-585,-661,-747,-1314,-1351,-1315,-1406,32767,32767,-29988]} 1. e4 {[%emt 0:00:00]} e6 {[%emt 0:00:13]} 2. d4 {[%emt 0:00:00]} d5 {[%emt 0:00:05]} 3. Nc3 {[%emt 0:00:00]} Nf6 {[%emt 0:00:06]} 4. Bg5 {[%emt 0:00:00]} Bb4 {[%emt 0:00:13]} 5. e5 {[%emt 0:00:07]} h6 {[%emt 0:00:17]} 6. Bd2 {[%emt 0:01:39]} Bxc3 {[%emt 0:00:10]} 7. bxc3 {[%emt 0:00:04]} Ne4 {[%emt 0:00:07]} 8. Qg4 {[%emt 0:00:08]} g6 {[%emt 0:00:05]} 9. h4 {[%emt 0:01:44] LiveBook: 53 Games} Nxd2 {[%emt 0:03:55]} 10. Kxd2 {[%emt 0:00:05]} c5 {[%emt 0:00:27] C12: French: Classical System: McCutcheon Variation} 11. h5 {[%emt 0:11:03]} g5 {[%emt 0:00:43]} 12. Bd3 {[%emt 0:11:57]} (12. f4 $11) 12... Nc6 {[%emt 0:01:20]} 13. Nf3 {[%emt 0:02:57]} (13. f4 Qa5 14. fxg5 cxd4 15. Nf3 Qxc3+ 16. Ke2 Bd7 17. gxh6 O-O-O 18. Qf4 f6 19. Qxf6 Rdf8 {0-1 (49) Sawatzki,F (2366)-Brynell,S (2500) Germany 2013}) 13... c4 {[%emt 0:21:22]} 14. Be2 {[%emt 0:01:13]} f5 {[%emt 0:00:13]} 15. Qg3 $146 {[%emt 0:26:12]} ({Predecessor:} 15. exf6 $1 $15 Qxf6 (15... e5 16. Qg3 exd4 17. cxd4 Qxf6 {½-½ (39) Bianchi,M (2029)-Elburg,J (2330) SEMI email 2003}) 16. Rhf1) 15... Bd7 {[%emt 0:07:06]} 16. Rab1 {[%emt 0:02:52]} b6 {[%emt 0:00:10]} 17. Nh2 {[%emt 0:01:46]} Qe7 {[%emt 0:03:36]} 18. f4 {[%emt 0:12:50]} O-O-O {[%emt 0:04:14]} 19. Nf1 {[%emt 0:04:15]} Rdg8 {[%emt 0:07:01]} 20. Ne3 {[%emt 0:02:20]} Qa3 {[%emt 0:00:00]} 21. Qf2 {[%emt 0:05:27]} Rf8 {[%emt 0:31:09]} ({Don't go for} 21... Qxa2 $2 22. Ra1 $18) 22. g3 $1 $11 {[%emt 0:06:38] remains equal.} Qa5 {[%emt 0:04:38]} ({Don't blunder} 22... Qxa2 $2 23. Ra1 $18) 23. Ng2 {[%emt 0:01:20]} Qa3 {[%emt 0:03:11]} ({But not} 23... Qxa2 $2 24. Ra1 $18) (23... Kb8 $17 24. fxg5 hxg5) 24. Qe3 {[%emt 0:01:35]} g4 {[%emt 0:01:24]} ({Vergiftet wäre} 24... Qxa2 $2 25. Ra1 $18) 25. Qf2 {[%emt 0:01:14]} Kc7 {[%emt 0:01:02]} ({But not} 25... Qxa2 $2 26. Ra1 $18) 26. Ne3 {[%emt 0:00:43]} Rb8 {[%emt 0:01:02]} ({Nicht} 26... Qxa2 $2 27. Ra1 $18) 27. Bxg4 {[%emt 0:04:05]} fxg4 {[%emt 0:00:18]} 28. Nxg4 {[%emt 0:01:07]} b5 {[%emt 0:04:09]} 29. Qe3 {[%emt 0:00:35]} a5 {[%emt 0:04:32]} (29... Ne7 $142 30. Nh2 Nf5) 30. Nf6 {[%emt 0:00:30]} Bc8 {[%emt 0:00:38]} ({Wrong is} 30... Qxa2 $2 31. Ra1 $18) 31. f5 {[%emt 0:00:14]} (31. g4 $142) 31... Ne7 {[%emt 0:00:24]} 32. g4 {[%emt 0:00:44]} exf5 {[%emt 0:00:52]} 33. Qf4 {[%emt 0:00:32]} (33. g5 $142 hxg5 34. Qxg5) 33... Be6 {[%emt 0:00:58]} 34. gxf5 {[%emt 0:00:26]} Nxf5 {[%emt 0:00:27]} 35. Rhg1 {[%emt 0:00:19]} b4 {[%emt 0:00:59]} 36. Nxd5+ {[%emt 0:00:21]} Bxd5 {[%emt 0:00:15]} 37. e6+ {[%emt 0:00:44]} Nd6 {[%emt 0:00:29]} 38. Rg7+ {[%emt 0:00:16]} Kc6 {[%emt 0:00:06]} 39. Rd7 {[%emt 0:00:35]} Ne4+ {[%emt 0:01:17]} 0-1

[Event "Continental-ch Women America 2017"]
[Site "Villa Martelli"]
[Date "2017.09.13"]
[Round "8"]
[White "Besso, Guadalupe"]
[Black "Carraro, Denise"]
[Result "0-1"]
[WhiteElo "1994"]
[BlackElo "2071"]
[Annotator "NA RC"]
[PlyCount "132"]
[EventDate "2017.??.??"]
[EventType "swiss"]
[EventCountry "ARG"]
[SourceTitle "playchess.com"]
[Source "ChessBase"]
[SourceQuality "1"]
[TimeControl "40/5400+30:1800+30"]

{[%evp 8,132,0,4,17,-10,5,0,23,-8,-16,-33,32767,-31,-20,-47,-28,-92,-78,-105,-96,-110,-99,-106,-95,-104,-99,-109,-81,-75,-68,-91,-60,-67,32767,32767,32767,32767,32767,32767,32767,-64,-63,-41,-64,-83,-70,32767,32767,32767,32767,32767,32767,32767,32767,32767,32767,-259,-259,-297,-195,-181,-210,-205,-204,-202,-198,-215,-246,-196,-212,-268,32767,32767,32767,32767,-205,-291,-238,-190,-238,-280,-195,-183,-49,-245,-200,-220,-345,32767,32767,32767,32767,-439,-556,-456,-542,-420,-595,-1481,-648,-393,-944,-850,-850,-520,-729,-1697,-5092,-387,-971,-969,-3895,32767,32767,32767,32767,-29994,-29995,-29995,-29996,-29996,-29997,-29997,-29997,-29997,-29998]} 1. d4 {[%emt 0:00:00]} e6 {[%emt 0:00:20]} 2. Nf3 {[%emt 0:00:19]} Nf6 {[%emt 0:00:13]} 3. e3 {[%emt 0:02:22]} b6 {[%emt 0:01:21]} 4. Bd3 {[%emt 0:00:15]} Bb7 {[%emt 0:00:04]} 5. O-O {[%emt 0:01:10]} c5 {[%emt 0:01:32]} 6. c3 {[%emt 0:04:41]} Be7 {[%emt 0:00:31]} 7. Nbd2 {[%emt 0:00:40]} O-O {[%emt 0:00:57]} 8. Re1 {[%emt 0:05:32]} d5 {[%emt 0:08:52] LiveBook: 7 Games} 9. Ne5 {[%emt 0:08:10]} Nbd7 {[%emt 0:01:22]} 10. Nxd7 {[%emt 0:27:41] A47: 1 d4 Nf6 2 Nf3 b6: Torre, London and Colle Systems} Qxd7 {[%emt 0:06:01]} 11. Nf3 $146 {[%emt 0:02:43]} ({Find the theoretical novelty and annotate with similar games:} 11. b3 Qc7 12. Bb2 e5 13. c4 cxd4 14. exd4 e4 15. Bf1 Rfe8 16. Rc1 Bd6 17. h3 Bf4 {0-1 (29) Levit,R (2275)-De Firmian,N (2590) Chicago 1995}) 11... Qc7 {[%emt 0:00:06]} 12. Bd2 {[%emt 0:04:10]} Bd6 {[%emt 0:08:12]} 13. Rc1 {[%emt 0:06:53]} c4 {[%emt 0:02:05]} 14. Bb1 {[%emt 0:02:24]} Ne4 {[%emt 0:00:34]} 15. Rf1 {[%emt 0:02:26]} f5 {[%emt 0:21:07]} 16. Qe2 {[%emt 0:02:50]} b5 {[%emt 0:00:49]} 17. g3 {[%emt 0:06:52]} Rf6 {[%emt 0:00:27]} 18. Be1 {[%emt 0:00:47]} Raf8 {[%emt 0:20:07]} 19. Nd2 {[%emt 0:00:56]} Rh6 {[%emt 0:04:40]} 20. f4 {[%emt 0:05:13]} Nf6 {[%emt 0:03:46]} 21. Nf3 {[%emt 0:00:33]} Bc6 {[%emt 0:00:04]} 22. Bd2 {[%emt 0:04:19]} Be8 {[%emt 0:00:15]} 23. Qg2 {[%emt 0:00:56]} Qe7 {[%emt 0:02:52]} 24. Ne5 {[%emt 0:07:07]} Bh5 {[%emt 0:01:39]} 25. h3 {[%emt 0:00:18]} Bxe5 {[%emt 0:10:13]} 26. fxe5 {[%emt 0:01:33]} Ne4 {[%emt 0:00:05]} 27. Bxe4 {[%emt 0:02:03]} dxe4 {[%emt 0:00:04]} 28. Rf2 {[%emt 0:00:30]} Bf3 {[%emt 0:01:28]} 29. Rxf3 {[%emt 0:00:22]} exf3 {[%emt 0:00:04]} 30. Qxf3 {[%emt 0:00:05]} Rxh3 {[%emt 0:01:03]} 31. Kg2 {[%emt 0:00:06]} Rh6 {[%emt 0:00:23]} 32. Rf1 {[%emt 0:00:43]} g5 {[%emt 0:02:44]} 33. Qc6 {[%emt 0:00:48]} Qe8 {[%emt 0:01:36]} 34. Qxe8 {[%emt 0:00:49]} Rxe8 {[%emt 0:00:01]} 35. e4 {[%emt 0:00:26]} fxe4 {[%emt 0:00:57]} 36. Bxg5 {[%emt 0:00:18]} Rg6 {[%emt 0:00:01]} 37. Bf6 {[%emt 0:00:54]} Rb8 {[%emt 0:00:26]} 38. a3 {[%emt 0:00:32]} a5 {[%emt 0:00:16]} 39. Rf4 {[%emt 0:00:17]} b4 {[%emt 0:00:59]} 40. axb4 {[%emt 0:00:00]} axb4 {[%emt 0:00:02]} 41. Rxe4 {[%emt 0:01:01]} bxc3 {[%emt 0:04:56]} 42. bxc3 {[%emt 0:00:39]} Rb3 {[%emt 0:00:05]} 43. Re3 {[%emt 0:00:18]} Kf7 {[%emt 0:01:35]} 44. Kf3 {[%emt 0:00:15]} Ke8 {[%emt 0:00:04]} 45. g4 {[%emt 0:07:29] [#]} Kd7 $2 {[%emt 0:04:49]} ({Black should play} 45... Rb1 $1 $19 46. Kf4 Rf1+ 47. Rf3 Rxf3+ 48. Kxf3 Rh6) 46. Kf4 $2 {[%emt 0:00:15]} (46. d5 $1 $15) 46... Kc6 {[%emt 0:00:47]} 47. Rh3 {[%emt 0:01:37] [#]} h6 $1 {[%emt 0:04:23]} 48. Be7 {[%emt 0:02:07]} Rb1 {[%emt 0:01:20]} 49. Bb4 {[%emt 0:01:49]} Kd5 {[%emt 0:00:22]} 50. Ba5 {[%emt 0:02:40]} Rf1+ {[%emt 0:01:33]} 51. Kg3 {[%emt 0:01:41]} Rg1+ {[%emt 0:00:08]} 52. Kf3 {[%emt 0:00:03]} R1xg4 {[%emt 0:00:10]} 53. Rxh6 {[%emt 0:00:40]} Rg3+ {[%emt 0:00:01]} ({Less strong is} 53... Rxh6 54. Kxg4 Ke4 55. Kg5 $17) 54. Kf2 {[%emt 0:00:14]} Rg2+ {[%emt 0:00:04]} 55. Kf1 {[%emt 0:00:22]} Rg1+ {[%emt 0:04:18]} 56. Kf2 {[%emt 0:00:07]} R6g2+ {[%emt 0:00:03]} 57. Kf3 {[%emt 0:00:07]} Rg3+ {[%emt 0:03:25]} 58. Kf4 {[%emt 0:02:34]} Rg4+ {[%emt 0:00:01]} 59. Kf3 {[%emt 0:00:06]} R1g3+ {[%emt 0:00:05]} 60. Kf2 {[%emt 0:00:03]} Ke4 {[%emt 0:01:22]} 61. Rh2 {[%emt 0:02:11]} Re3 {[%emt 0:03:35]} 62. Rh6 {[%emt 0:02:38]} Rf3+ {[%emt 0:00:38]} 63. Ke1 {[%emt 0:00:39]} Rg1+ {[%emt 0:00:25]} 64. Ke2 {[%emt 0:00:06]} Rg2+ {[%emt 0:00:08]} 65. Ke1 {[%emt 0:00:35]} Ke3 {[%emt 0:00:12]} 66. Rh1 {[%emt 0:00:07]} Ra2 {[%emt 0:00:15]} 0-1

[Event "Continental-ch Women America 2017"]
[Site "Villa Martelli"]
[Date "2017.09.13"]
[Round "8"]
[White "Jorquera Cabello, Valentina"]
[Black "Cosme Contreras, Trilce"]
[Result "0-1"]
[WhiteElo "1977"]
[BlackElo "1872"]
[Annotator "NA RC"]
[PlyCount "134"]
[EventDate "2017.??.??"]
[EventType "swiss"]
[EventCountry "ARG"]
[SourceTitle "playchess.com"]
[Source "ChessBase"]
[SourceQuality "1"]
[TimeControl "40/5400+30:1800+30"]

{[%evp 9,134,32,34,21,34,5,24,25,37,27,54,27,27,30,44,0,0,19,32,17,83,47,109,91,87,-198,29,31,29,32767,32767,32767,32767,21,37,31,13,30,38,52,55,0,10,11,112,92,145,122,132,139,142,106,107,109,32767,32767,32767,32767,32767,32767,96,-95,-93,-87,32767,32767,32767,32767,32767,32767,32767,32767,32767,32767,-131,-108,-76,-84,-83,-96,-68,-83,-82,-80,-8,-8,12,0,0,9,0,0,227,-8,30,22,335,0,0,0,0,-1270,-6083,-29980,-2009,-1256,-5136,-6619,-29956,-29979,-29981,-12799,-11272,-29981,0,-29980,-29969,-29938,-12844,-29951,-29975,-29974,-29969,-29980,-29983,-29985,-29987]} 1. e4 {[%emt 0:00:00]} c5 {[%emt 0:00:07]} 2. Nf3 {[%emt 0:00:00]} d6 {[%emt 0:00:04]} 3. d4 {[%emt 0:00:00]} cxd4 {[%emt 0:00:06]} 4. Nxd4 {[%emt 0:00:00]} Nf6 {[%emt 0:00:06]} 5. Nc3 {[%emt 0:00:00]} a6 6. Bg5 {[%emt 0:00:10]} e6 {[%emt 0:00:34]} 7. f4 {[%emt 0:00:09]} Be7 {[%emt 0:00:17]} 8. Qf3 {[%emt 0:00:13]} Qc7 {[%emt 0:00:17]} 9. O-O-O {[%emt 0:00:31]} Nbd7 {[%emt 0:00:36]} 10. g4 {[%emt 0:01:55]} b5 11. Bxf6 {[%emt 0:02:29]} Nxf6 {[%emt 0:05:02]} 12. g5 {[%emt 0:00:14]} Nd7 {[%emt 0:00:18]} 13. f5 {[%emt 0:00:11]} Bxg5+ {[%emt 0:00:55]} 14. Kb1 {[%emt 0:00:06]} Ne5 {[%emt 0:01:38]} (14... O-O $11 {bleibt in der Remisbreite.}) 15. Qh5 {[%emt 0:00:34]} Qd8 {[%emt 0:01:59]} (15... Bf6 $14) 16. h4 {[%emt 0:00:21]} Bf6 {[%emt 0:08:05] LiveBook: 65 Games B99: Sicilian Najdorf: 6 Bg5 e6 7 f4 Be7 8 Qf3 Qc7 9 0-0-0 Nbd7} 17. Nxe6 $2 {[%emt 0:09:26]} (17. fxe6 $16 {is forced if you want to stay better.} O-O 18. Bh3) 17... Bxe6 $2 $146 {[%emt 0:00:19]} ({Black should try Find the theoretical novelty and annotate with similar games:} 17... g6 $19 18. Nxd8 gxh5 19. Nxf7 (19. Nc6 Nxc6 20. Rxd6 Bxc3 21. Rxc6 Be5 22. Rc5 f6 23. a4 bxa4 24. Bc4 {0-1 (39) Langheinrich,F (2405)-Boewer,R (2210) Werther 2002}) 19... Kxf7) 18. fxe6 {[%emt 0:00:05]} O-O {[%emt 0:01:58]} 19. exf7+ {[%emt 0:02:59]} Kh8 {[%emt 0:02:30]} 20. Bh3 {[%emt 0:04:04]} Rxf7 {[%emt 0:03:46]} 21. Nd5 {[%emt 0:10:51]} g6 {[%emt 0:16:48]} 22. Qe2 {[%emt 0:00:26]} Bxh4 {[%emt 0:11:19]} 23. Be6 {[%emt 0:02:11]} Rf2 {[%emt 0:03:01]} 24. Qe3 {[%emt 0:00:13]} Qg5 {[%emt 0:01:32]} 25. Qh3 {[%emt 0:04:29]} Nf3 {[%emt 0:01:51]} 26. Bg4 {[%emt 0:00:32]} Nd2+ {[%emt 0:02:32]} (26... Ne5 $1 $11) 27. Ka1 {[%emt 0:00:16]} Nxe4 {[%emt 0:04:50]} 28. Qxh4 {[%emt 0:01:29]} Qxh4 {[%emt 0:00:04]} 29. Rxh4 {[%emt 0:00:06]} Rxc2 {[%emt 0:03:21]} 30. Kb1 {[%emt 0:46:30]} Rf2 {[%emt 0:04:05]} 31. Rdh1 {[%emt 0:02:23]} Ra7 {[%emt 0:03:56]} 32. Bd1 {[%emt 0:06:54]} Nd2+ {[%emt 0:02:45]} 33. Kc1 {[%emt 0:00:22]} Nc4 {[%emt 0:00:26]} 34. Bc2 {[%emt 0:00:36]} Ne5 {[%emt 0:00:17]} 35. Nf4 $2 {[%emt 0:01:08]} (35. Rf4 $16 {keeps the pressure on.} Rxf4 36. Nxf4) 35... Rc7 {[%emt 0:07:23]} 36. Kb1 {[%emt 0:04:20]} Rfxc2 {[%emt 0:06:48]} 37. Nd5 {[%emt 0:00:33]} R2c5 {[%emt 0:01:20]} 38. Nxc7 {[%emt 0:00:51]} Rxc7 {[%emt 0:00:04]} 39. Rd1 {[%emt 0:01:12]} Nf7 {[%emt 0:01:45]} 40. Re4 {[%emt 0:00:00]} Kg7 {[%emt 0:01:13]} 41. Re8 {[%emt 0:00:44]} g5 {[%emt 0:04:46]} 42. Ra8 {[%emt 0:00:39]} g4 {[%emt 0:01:54]} 43. Rxa6 {[%emt 0:01:48]} Rc5 {[%emt 0:01:29]} 44. a4 {[%emt 0:03:09]} bxa4 {[%emt 0:06:05]} 45. Rxa4 {[%emt 0:00:06]} h5 {[%emt 0:00:19]} 46. b4 $1 {[%emt 0:01:55] [#]} Rf5 {[%emt 0:09:52]} (46... Rg5 $1 $17 47. Ra5 Ne5) 47. Ra5 {[%emt 0:02:03]} Kg6 {[%emt 0:01:45]} 48. Rxf5 {[%emt 0:00:28]} Kxf5 {[%emt 0:01:52]} 49. Rf1+ {[%emt 0:00:22]} Kg6 {[%emt 0:02:52]} 50. Kc2 {[%emt 0:01:49]} g3 $2 {[%emt 0:05:20]} (50... h4 $11 51. b5 h3) 51. Kd2 $2 {[%emt 0:02:02]} ({White must play} 51. b5 $18) 51... Ne5 {[%emt 0:06:45]} (51... Ng5 $5 {[%cal Rh5h4]} 52. Ra1 h4 $11) 52. Ke2 {[%emt 0:00:50]} Kg5 $2 {[%emt 0:01:24]} (52... g2 $11 53. Rb1 (53. Rg1 Nc6 $11) 53... Kf6) 53. Rf8 $2 {[%emt 0:00:29]} (53. b5 $18) 53... Kg4 {[%emt 0:01:42]} 54. Rg8+ {[%emt 0:01:50]} Kh3 $1 {[%emt 0:00:29]} 55. Kf1 $2 {[%emt 0:02:10]} (55. b5 $11 Nc4 56. Rb8) 55... Kh2 {[%emt 0:00:40]} 56. b5 {[%emt 0:00:32]} h4 {[%emt 0:00:24]} (56... Ng4 $142 57. Re8 g2+ 58. Ke2 g1=Q 59. Kd2 Qd4+ 60. Kc1 Ne3 61. Rc8 h4 62. b6 Qxb6 63. Rc3 h3 64. Rd3 Qc6+ 65. Kd2 Nf1+ 66. Kd1 Qa4+ 67. Ke1 Kg2 68. Rd2+ Nxd2 69. Ke2 Nb1 70. Kd3 d5 71. Ke2 Qc2+ 72. Ke3 Qe4#) 57. b6 {[%emt 0:00:08]} h3 {[%emt 0:00:34]} 58. b7 {[%emt 0:00:03]} Nd7 {[%emt 0:00:34]} 59. Rg7 {[%emt 0:00:53]} Nb8 {[%emt 0:00:28]} 60. Rg8 {[%emt 0:00:22]} Na6 {[%emt 0:00:27]} (60... g2+ $142 61. Ke2 g1=Q 62. Rxb8 Qa7 63. Re8 Qxb7 64. Re3 Kg2 65. Kd3 Qb5+ 66. Kc2 h2 67. Re1 h1=Q 68. Rxh1 Kxh1 69. Kd2 Qc4 70. Kd1 Kg2 71. Ke1 Kf3 72. Kd2 d5 73. Kd1 Ke3 74. Ke1 Qe2#) 61. Rg6 {[%emt 0:00:42]} Nb8 $11 {[%emt 0:00:14]} (61... g2+ {mates} 62. Kf2 d5 63. Rxa6 g1=Q+ 64. Ke2 Qg2+ 65. Ke1 Qg3+ 66. Ke2 Kg2 67. Rg6 Qxg6 68. b8=Q Qe4+ 69. Kd1 h2 70. Qb2+ Kg3 71. Qb8+ Qf4 72. Qh8 Qf3+ 73. Kc2 h1=Q 74. Qe5+ Kf2 75. Qd4+ Qe3 76. Qf6+ Qhf3 77. Qb2 Qd3+ 78. Kc1+ Kf1 79. Qd2 Qa3+ 80. Qb2 Qfc3+ 81. Kd1 Qa4+ 82. Qc2 Qcxc2#) 62. Rg8 {[%emt 0:00:03]} d5 {[%emt 0:00:51]} 63. Rxb8 {[%emt 0:00:38]} g2+ {[%emt 0:00:05]} 64. Ke2 {[%emt 0:00:17]} g1=Q {[%emt 0:00:05]} 65. Rc8 {[%emt 0:00:11]} Qg4+ {[%emt 0:00:56]} 66. Kd3 {[%emt 0:03:02]} Qe4+ {[%emt 0:00:20]} 67. Kc3 {[%emt 0:00:06]} d4+ {[%emt 0:00:07]} 0-1

[Event "Continental-ch Women America 2017"]
[Site "Villa Martelli"]
[Date "2017.09.14"]
[Round "9"]
[White "Cori T, Deysi"]
[Black "Aliaga Fernandez, Ingrid Y"]
[Result "1/2-1/2"]
[WhiteElo "2389"]
[BlackElo "2182"]
[Annotator "TA"]
[PlyCount "24"]
[EventDate "2017.??.??"]
[EventType "swiss"]
[EventCountry "ARG"]
[SourceTitle "playchess.com"]
[Source "ChessBase"]
[SourceQuality "1"]

{[%evp 19,24,29,41,16,208,214,307]} 1. d4 d5 2. Nf3 Nf6 3. c4 dxc4 4. e3 e6 5. Bxc4 a6 6. O-O c5 7. Qe2 cxd4 8. exd4 Be7 {D28: Queen's Gambit Accepted: Classical main line: 7 Qe2 with early ...Nc6} 9. Nc3 b5 (9... O-O 10. a4 Nc6 11. Rd1 Nb4 12. Ne5 Bd7 13. d5 exd5 14. Nxd5 Nbxd5 15. Bxd5 Nxd5 16. Rxd5 Bg4 17. Qc4 Qxd5 18. Qxd5 Rad8 19. Qb3 Rd1+ 20. Qxd1 Bxd1 21. Bg5 Bxg5 22. Rxd1 Rc8 23. b3 g6 {½-½ (23) Lenderman,A (2636)-Shabalov,A (2523) Montevideo 2015}) 10. Bb3 Bb7 {LiveBook: 10 Games} 11. Re1 {Strongly threatening Ng5.} b4 $146 (11... O-O $1 $11) ({Find the theoretical novelty and annotate with similar games:} 11... Nc6 12. Bg5 Nxd4 13. Nxd4 Qxd4 14. Rad1 Qg4 15. Qxg4 Nxg4 16. Bxe6 Nf6 17. Bxf6 gxf6 18. Bxf7+ Kxf7 {1-0 (47) Eliseev,A (2482)-Melnikov,D (2276) St Petersburg 2001}) 12. Ng5 $18 {[#] Hoping for Nxf7!} Qd6 {[%mdl 32768] An unexpected result.} (12... bxc3 {was worth a try.} 13. Nxf7 Kxf7 14. Qxe6+ Ke8 15. Qf7+ Kd7) 1/2-1/2

[Event "Continental-ch Women America 2017"]
[Site "Villa Martelli"]
[Date "2017.09.14"]
[Round "9"]
[White "Lujan, Carolina"]
[Black "Amura, Claudia"]
[Result "1/2-1/2"]
[WhiteElo "2376"]
[BlackElo "2262"]
[Annotator "TA"]
[PlyCount "113"]
[EventDate "2017.??.??"]
[EventType "swiss"]
[EventCountry "ARG"]
[SourceTitle "playchess.com"]
[Source "ChessBase"]
[SourceQuality "1"]

{[%evp 16,113,41,11,41,41,58,72,88,34,88,53,53,37,53,28,28,27,32,33,19,-20,0,0,0,0,10,-31,-21,-43,-46,-31,6,1,1,0,16,0,2,0,20,0,16,16,21,3,15,0,0,0,0,0,0,0,0,0,-4,-20,0,-98,-87,-101,-100,-104,-8,-18,0,-26,0,-47,-34,-63,-68,-76,-78,-77,-76,-125,-126,-124,-130,-138,-140,-142,-100,-166,-121,-134,-132,-152,-151,-154,-120,-150,-63,-56,-66,-69,-7,-7]} 1. e4 c5 2. Nf3 Nc6 3. d4 cxd4 4. Nxd4 e5 5. Nb5 d6 6. N1c3 a6 7. Na3 b5 8. Nd5 Nge7 9. Bg5 {LiveBook: 80 Games} Rb8 {B32: Sicilian: Löwenthal and Kalashnikov Variations} (9... h6 10. Bxb5 axb5 11. Nxb5 f6 12. Nxf6+ gxf6 13. Nxd6+ Qxd6 14. Qxd6 hxg5 15. Qxf6 Rh6 16. Qxg5 Rg6 17. Qd2 Rxg2 18. c3 Bg4 19. Qg5 O-O-O 20. Kf1 Bh3 21. Qh5 Rd3 22. f3 Rdd2 23. Qxh3+ Nf5 24. Qxf5+ Kc7 25. Qxf8 Rgf2+ {½-½ (25) Mozharov,M (2555)-Popov,I (2627) Moscow 2014}) 10. c4 {[%cal Rc4b5]} h6 11. Be3 {[%cal Rc4b5]} Nxd5 $146 {White is better.} ({Find the theoretical novelty and annotate with similar games:} 11... b4 12. Nc2 f5 13. exf5 Bxf5 14. Be2 Nxd5 15. cxd5 Ne7 16. O-O Qa5 17. Bd2 Bxc2 18. Qxc2 {1-0 (25) Priemov,S (2094)-Iarmoliuk,E Kiev 2000}) 12. cxd5 (12. exd5 $16 Nd4 13. Bxd4 exd4 14. cxb5) 12... Ne7 (12... Nd4 $14) 13. Be2 Ng6 14. g3 Bh3 15. Bf1 Qd7 16. Qe2 Be7 17. Bxh3 Qxh3 18. Qf1 Qg4 19. f3 Qd7 20. h4 Bd8 21. Qh3 f5 22. h5 Ne7 23. O-O Bb6 24. Bxb6 Rxb6 25. Nc2 Qc7 26. Rac1 {And now Nd4! would win.} Qc5+ 27. Kh1 Rb7 28. Rfe1 Qf2 29. Qg2 Qb6 30. Ne3 O-O 31. exf5 Nxf5 32. Nxf5 Rxf5 33. Rc8+ Rf8 34. Rxf8+ Kxf8 $11 {[%mdl 4096] Endgame KQR-KQR} 35. Qh3 {Strongly threatening Qc8+.} Qc5 36. Rd1 Qc2 37. Rg1 {[#]} (37. Rf1 $1 $11 {remains equal.}) 37... Rf7 $1 $17 {[%cal Rf7f3]} 38. Rg2 Qc1+ 39. Rg1 {[#]} Qc5 ({Better is} 39... Qc4 $1 $17 40. Rf1 Kg8) 40. Rf1 $1 $11 Qxd5 $40 {[%mdl 128] White needs to defend precisely.} 41. Qc8+ Ke7 42. Qc7+ Kf6 43. Qd8+ Re7 44. Rf2 Kf7 45. a3 Qc6 46. Kg2 Re8 47. Qh4 d5 48. Qg4 Qe6 49. Qb4 Rc8 50. Re2 (50. Qb3 $17) 50... Kg8 51. Qb3 Rc4 52. Qe3 e4 53. Qf4 Kh7 54. Kh2 Qf6 (54... d4 $17 55. Qxe4+ Qxe4 56. fxe4 d3) 55. Qxf6 $15 gxf6 56. fxe4 dxe4 (56... Rxe4 $15 57. Rc2 Kg7 58. Rc7+ Kf8) 57. g4 $1 {Precision: White = 39%, Black = 37%.} 1/2-1/2